| 000 | 01257cam a2200301 i 4500 | ||
|---|---|---|---|
| 003 | SA-RiAUC | ||
| 005 | 20250217065026.0 | ||
| 008 | 250214s1999 ua g b 000 0 ara c | ||
| 040 |
_aAE-AiULD _bara _cSA-RiAUC _erda |
||
| 043 | _af-ua--- | ||
| 050 | 4 | _b.M838 1999 | |
| 082 | 0 | 4 | _a346.6202 |
| 090 |
_a346.6202 _b م ع و |
||
| 100 | 1 |
_aمعوض، فؤاد محمود _eمؤلف. |
|
| 245 | 1 | 0 |
_aدور القاضي في تعديل العقد : _bدراسة تحليلية وتأصيلية في الفقه الإسلامي والقانون المدني المصري / _cفؤاد محمود معوض. |
| 250 | _aالطبعة الأولى. | ||
| 264 | 1 |
_aالقاهرة : _b[الناشر غير محدد]، _c1999 |
|
| 300 |
_a565 صفحة ؛ _c24 سم |
||
| 336 |
_aنص _btxt _2rdacontent _3كتاب |
||
| 337 |
_aبدون وسيط _bn _2rdamedia |
||
| 338 |
_aمجلد _bnc _2rdacarrier |
||
| 500 | _aالأصل أطروحة (دكتوراه)-جامعة الإسكندرية، 1998. | ||
| 504 | _aببليوجرافية : صفحة 538-554. | ||
| 650 | 7 |
_aالعقود (قانون مدني) _zمصر _2aucsh |
|
| 650 | 7 |
_aالعقود (فقه إسلامي) _2aucsh |
|
| 942 |
_2ddc _cBOOK _n0 |
||
| 949 |
_aSA-JeALM _d250214 _umohamedma123 _n1 |
||
| 999 |
_c5988 _d5988 |
||